| 000 | 00770cam a2200241 4500 | ||
|---|---|---|---|
| 999 |
_c128708 _d128708 |
||
| 001 | 793276 | ||
| 003 | ARRUPE | ||
| 005 | 20181205085804.0 | ||
| 008 | 740614s1973 enk 000 1 eng | ||
| 010 | _a 74168675 | ||
| 015 | _aGB73-10256 | ||
| 020 | _a0340173262 | ||
| 040 |
_aDLC _cDLC _dDLC |
||
| 050 |
_aPR6015.A6425 _bS5 |
||
| 082 | 0 | 0 | _a823/.9/12 |
| 100 |
_aWyndham, John _943770 |
||
| 245 | 1 | 0 |
_aSleepers of Mars _c[by] John Wyndham, writing as John Beynon Harris; introduction by Walter Gillings. |
| 260 |
_aLondon, _bCoronet, _c1973. |
||
| 300 |
_a155 p. _c18 cm. |
||
| 350 | _a£0.30 | ||
| 650 | 0 |
_aScience fiction, English. _943771 |
|
| 906 |
_a7 _bcbc _corignew _d3 _encip _f19 _gy-gencatlg |
||
| 942 |
_2lcc _cMONOGRAPH |
||